Normal view
MARC view
Entry Topical Term
001 - CONTROL NUMBER
- control field: 37496
003 - CONTROL NUMBER IDENTIFIER
- control field: ARRUPE
005 - DATE AND TIME OF LATEST TRANSACTION
- control field: 20171109141950.0
008 - FIXED-LENGTH DATA ELEMENTS
- fixed length control field: 171109|| aca||aabn | a|a d
040 ## - CATALOGING SOURCE
- Original cataloging agency: ARRUPE
- Transcribing agency: ARRUPE
150 ## - HEADING--TOPICAL TERM
- Topical term or geographic name as entry element: Spirituality
670 ## - SOURCE DATA FOUND
- Source citation: Work cat.: (ARRUPE): Kaufman, Tone Stangeland 37493, A new old spirituality?, 2017